[Event "12th ChessMates International, York"]
[Site "York Guildhall"]
[Date "2025.03.22"]
[Round "4.8"]
[White "Yantur, Arda"]
[Black "Ashton, Alannah"]
[Result "0-1"]
[WhiteElo "1811"]
[BlackElo "1863"]
[PlyCount "44"]
[EventDate "2025.??.??"]
[WhiteTeam "Rotterdamse Schaakbond"]
[BlackTeam "England"]
[BlackTeamCountry "ENG"]

1. e4 c5 2. Nf3 d6 3. d4 cxd4 4. Nxd4 Nf6 5. Nc3 g6 6. Bc4 Bg7 7. O-O O-O 8. f4
Nc6 9. Nxc6 bxc6 10. Be3 Ng4 11. Bd4 e5 12. fxe5 c5 13. Bf2 Bxe5 14. h3 Nxf2
15. Kxf2 Qh4+ 16. Kf3 Qg3+ 17. Ke2 Qxg2+ 18. Kd3 Bxh3 19. Rg1 Qf2 20. Nd5 Qd4+
21. Ke2 Qxe4+ 22. Ne3 Bd4 0-1

[Event "12th ChessMates International, York"]
[Site "York Guildhall"]
[Date "2025.03.22"]
[Round "4.11"]
[White "Shnurov, Daniil"]
[Black "Rohde, Niclas"]
[Result "1/2-1/2"]
[WhiteElo "2164"]
[BlackElo "2147"]
[PlyCount "74"]
[EventDate "2025.??.??"]
[WhiteTeam "Estonia"]
[BlackTeam "LSJ Sachsen-Anhalt"]
[WhiteTeamCountry "EST"]

1. d4 Nf6 2. c4 g6 3. Nc3 d5 4. Nf3 Bg7 5. Bg5 Ne4 6. Bf4 Nxc3 7. bxc3 c5 8.
cxd5 Qxd5 9. e3 cxd4 10. cxd4 Qa5+ 11. Qd2 Qxd2+ 12. Kxd2 O-O 13. Rb1 Nc6 14.
Bc4 Rd8 15. Ke2 b6 16. Rhc1 Bb7 17. Ng5 e6 18. f3 h6 19. Ne4 e5 20. dxe5 Nxe5
21. Bb5 Bd5 22. a4 Be6 23. Ba6 Bc8 24. Bxc8 Raxc8 25. Rxc8 Rxc8 26. Bxe5 Bxe5
27. Rb5 Re8 28. a5 f5 29. Nd2 Bd4 30. e4 fxe4 31. Nxe4 Re5 32. Rxe5 Bxe5 33. a6
Kf7 34. Kd3 Ke6 35. Kc4 Bxh2 36. Kb5 Kd7 37. Nc3 Bg1 1/2-1/2

[Event "12th ChessMates International, York"]
[Site "York Guildhall"]
[Date "2025.03.22"]
[Round "4.12"]
[White "Haubold, Sebastian"]
[Black "Blokhin, Sofia"]
[Result "1-0"]
[WhiteElo "2151"]
[BlackElo "2020"]
[PlyCount "155"]
[EventDate "2025.??.??"]
[WhiteTeam "LSJ Sachsen-Anhalt"]
[BlackTeam "Estonia"]
[BlackTeamCountry "EST"]

1. e4 c5 2. Nf3 d6 3. d4 cxd4 4. Nxd4 Nf6 5. Nc3 g6 6. Be3 Bg7 7. f3 O-O 8. Bc4
Nc6 9. Qd2 Bd7 10. O-O-O Rb8 11. h4 Nxd4 12. Bxd4 b5 13. Bb3 a5 14. e5 dxe5 15.
Bxe5 a4 16. Bxf6 exf6 17. Qxd7 Bh6+ 18. Kb1 axb3 19. cxb3 Qa5 20. Rd5 Rfd8 21.
Qc6 Rxd5 22. Qxd5 f5 23. Qe5 Qa8 24. Nxb5 Re8 25. Nc7 Qxa2+ 26. Kxa2 Rxe5 27.
b4 Bf8 28. Na6 Re6 29. Nc5 Re2 30. Rc1 Rxg2 31. b5 Rh2 32. Nd7 Bd6 33. h5 Rf2
34. h6 f6 35. Nxf6+ Kf7 36. Nxh7 Be5 37. Rc5 Rxb2+ 38. Ka3 Re2 39. Rc6 Bf4 40.
b6 Re7 41. Rf6+ Kg8 42. Ng5 Bxg5 43. Rxg6+ Kh7 44. Rxg5 Re6 45. b7 Ra6+ 46. Kb4
Rb6+ 47. Kc4 Kxh6 48. Rxf5 Rxb7 49. Kd4 Kg6 50. Ra5 Kf6 51. Ke3 Rb3+ 52. Kf2
Rb2+ 53. Kg3 Rb4 54. Ra8 Kf7 55. f4 Rb5 56. Ra6 Rb3+ 57. Kg4 Rb1 58. Kg5 Rb5+
59. f5 Rb1 60. Ra7+ Kf8 61. Kg6 Rg1+ 62. Kf6 Kg8 63. Ra8+ Kh7 64. Kf7 Rg7+ 65.
Kf6 Rg1 66. Ke6 Re1+ 67. Kf7 Rf1 68. f6 Kh6 69. Ke7 Re1+ 70. Kf8 Kg6 71. f7 Rf1
72. Ra6+ Kh7 73. Ra2 Kg6 74. Rg2+ Kh7 75. Rh2+ Kg6 76. Kg8 Rxf7 77. Rg2+ Kf6
78. Rf2+ 1-0

[Event "12th ChessMates International, York"]
[Site "York Guildhall"]
[Date "2025.03.22"]
[Round "4.13"]
[White "Gorkov, Kirill"]
[Black "Herter, Arne"]
[Result "1/2-1/2"]
[WhiteElo "2086"]
[BlackElo "2073"]
[PlyCount "134"]
[EventDate "2025.??.??"]
[WhiteTeam "Estonia"]
[BlackTeam "LSJ Sachsen-Anhalt"]
[WhiteTeamCountry "EST"]

1. e4 c5 2. Be2 Nc6 3. f4 g6 4. Nf3 Bg7 5. O-O d6 6. c3 e6 7. Na3 Nge7 8. d4
O-O 9. d5 exd5 10. exd5 Nb8 11. c4 Nd7 12. Bd3 Nf6 13. Nb5 a6 14. Nc3 Bd7 15.
a4 Re8 16. Re1 Rb8 17. h3 b5 18. axb5 axb5 19. cxb5 Nexd5 20. Rxe8+ Qxe8 21.
Nxd5 Nxd5 22. Bxg6 hxg6 23. Qxd5 Qe6 24. Qxe6 Bxe6 25. Ra6 Bf8 26. Ng5 Bc4 27.
Ra7 Rxb5 28. Rd7 Bd5 29. Rd8 Ra5 30. Bd2 Ra8 31. Rd7 Re8 32. Bc3 Be7 33. Kf2 f6
34. Nh7 Be6 35. Ra7 f5 36. Bf6 Kf7 37. Bh4 Bc4 38. Ke1 Ke6 39. Bxe7 Rxe7 40.
Nf8+ Kf7+ 41. Rxe7+ Kxe7 42. Nxg6+ Kf6 43. Nh4 d5 44. Nf3 Ke6 45. Ne5 Bb5 46.
g4 fxg4 47. hxg4 d4 48. b3 Kd5 49. Kd2 Ke4 50. g5 Kf5 51. g6 Kf6 52. f5 Be8 53.
Nc4 Bc6 54. Nb6 Be4 55. Nd7+ Kg7 56. Nxc5 Bxf5 57. b4 Kxg6 58. b5 Kf6 59. b6
Bc8 60. Kd3 Ke5 61. Kc4 Kd6 62. Kxd4 Kc6 63. Na4 Kb5 64. Kd5 Bb7+ 65. Kd6 Kxa4
66. Kc7 Bg2 67. b7 Bxb7 1/2-1/2

[Event "12th ChessMates International, York"]
[Site "York Guildhall"]
[Date "2025.03.22"]
[Round "4.14"]
[White "Petzold, Johannes Julius"]
[Black "Rajandu, Aaron"]
[Result "0-1"]
[WhiteElo "1889"]
[BlackElo "1869"]
[PlyCount "80"]
[EventDate "2025.??.??"]
[WhiteTeam "LSJ Sachsen-Anhalt"]
[BlackTeam "Estonia"]
[BlackTeamCountry "EST"]

1. e4 c6 2. d4 d5 3. Nc3 dxe4 4. Nxe4 Nf6 5. Nxf6+ exf6 6. c3 Bd6 7. Bd3 O-O 8.
Qc2 Re8+ 9. Ne2 h5 10. Be3 Nd7 11. c4 Nf8 12. O-O-O Be6 13. Nc3 Rc8 14. Rhe1
Qa5 15. Kb1 b5 16. c5 b4 17. cxd6 bxc3 18. b3 Rb8 19. Bf1 Rb7 20. d5 cxd5 21.
Bd4 Rc8 22. Re3 Qa3 23. Bxc3 d4 24. d7 Bxb3 25. Qb2 Bxa2+ 26. Ka1 Rxb2 27. Bxb2
Qa4 28. dxc8=Q Bc4+ 29. Ba3 Qxd1+ 30. Kb2 Qd2+ 31. Kb1 Qd1+ 32. Kb2 Qd2+ 33.
Kb1 Qa2+ 34. Kc1 dxe3 35. Qxf8+ Kh7 36. fxe3 Bxf1 37. Qc5 Bd3 38. Qxh5+ Kg8 39.
Qc5 Bg6 40. Qxa7 Qc2# 0-1

[Event "12th ChessMates International, York"]
[Site "York Guildhall"]
[Date "2025.03.22"]
[Round "4.15"]
[White "Magi, Ramon"]
[Black "Noennig, Jakob"]
[Result "0-1"]
[WhiteElo "1798"]
[BlackElo "2030"]
[PlyCount "92"]
[EventDate "2025.??.??"]
[WhiteTeam "Estonia"]
[BlackTeam "LSJ Sachsen-Anhalt"]
[WhiteTeamCountry "EST"]

1. e4 e5 2. Nf3 Nc6 3. Bc4 Bc5 4. c3 Nf6 5. d4 exd4 6. b4 Bb6 7. e5 d5 8. exf6
dxc4 9. Qe2+ Be6 10. b5 Na5 11. fxg7 Rg8 12. Bg5 Qd5 13. Bf6 d3 14. Qe5 c6 15.
bxc6 Nxc6 16. Qxd5 Bxd5 17. Nbd2 Bd8 18. Be5 f6 19. Bg3 Rxg7 20. O-O Be7 21.
Nh4 Be6 22. Rfe1 Kf7 23. Re4 f5 24. Rxe6 Kxe6 25. Re1+ Kf6 26. Nxc4 Rd8 27. Nf3
Rg4 28. Bh4+ Kg7 29. Bxe7 Rd7 30. Bc5 Rxc4 31. Bd4+ Nxd4 32. cxd4 Rdc7 33. Kf1
Rc1 34. d5 Kf6 35. a4 Rxe1+ 36. Kxe1 Rd7 37. Kd2 Rxd5 38. Kc3 a6 39. Nd2 b5 40.
a5 Ke6 41. f4 Kd6 42. h3 h5 43. g3 Kc6 44. Nb3 b4+ 45. Kd2 Kb5 46. Nc1 Kc4 0-1

[Event "12th ChessMates International, York"]
[Site "York Guildhall"]
[Date "2025.03.22"]
[Round "4.16"]
[White "Haubold, Christian"]
[Black "Kryshtafor, Maksym"]
[Result "1-0"]
[WhiteElo "2034"]
[BlackElo "1722"]
[PlyCount "167"]
[EventDate "2025.??.??"]
[WhiteTeam "LSJ Sachsen-Anhalt"]
[BlackTeam "Estonia"]
[BlackTeamCountry "EST"]

1. e4 e5 2. Nf3 Nc6 3. Bb5 a6 4. Ba4 Nf6 5. O-O Nxe4 6. d4 b5 7. Bb3 d5 8. dxe5
Be6 9. c3 Be7 10. Bf4 Nc5 11. Bg3 Nxb3 12. axb3 O-O 13. Qd3 Qd7 14. Nbd2 Bf5
15. Qe3 Rfd8 16. Qf4 Be6 17. h4 d4 18. b4 Bf8 19. h5 dxc3 20. bxc3 Ne7 21. Bh4
Nd5 22. Qd4 Be7 23. h6 Bxh4 24. Qxh4 Qe7 25. Qg3 g6 26. Nd4 Bd7 27. Ne4 f5 28.
Nc5 f4 29. Qf3 c6 30. e6 Be8 31. Rfd1 a5 32. Nxb5 axb4 33. Rxa8 Rxa8 34. Nd3
cxb5 35. Qxd5 Rd8 36. Qe5 bxc3 37. Qxc3 f3 38. g3 b4 39. Qb3 Bb5 40. Nf4 Rxd1+
41. Qxd1 g5 42. Nd5 Qxe6 43. Nc7 Qd7 44. Qb3+ Kh8 45. Nxb5 Qe7 46. Qxf3 Kg8 47.
Qd5+ Kf8 48. Qf5+ Ke8 49. Nd4 Qe1+ 50. Kg2 Qe7 51. Qd5 g4 52. Qg8+ Kd7 53.
Qxg4+ Ke8 54. Qg8+ Kd7 55. Qg7 Ke8 56. Qxe7+ Kxe7 57. Nc6+ Kf6 58. Nxb4 Kg6 59.
f4 Kxh6 60. g4 Kg6 61. Kg3 Kf6 62. Nd5+ Ke6 63. Ne3 Kf6 64. g5+ Kg6 65. Kh4 Kg7
66. f5 Kf7 67. Kh5 Kg7 68. f6+ Kf7 69. Kh6 Kg8 70. g6 Kh8 71. g7+ Kg8 72. f7+
Kxf7 73. Kxh7 Kf6 74. g8=Q Ke5 75. Qf7 Ke4 76. Ng4 Kd4 77. Qe6 Kc5 78. Qd7 Kc4
79. Qd6 Kc3 80. Qd5 Kc2 81. Qd4 Kc1 82. Qf2 Kd1 83. Ne3+ Kc1 84. Qc2# 1-0

[Event "12th ChessMates International, York"]
[Site "York Guildhall"]
[Date "2025.03.22"]
[Round "4.17"]
[White "Kais, Kristofer"]
[Black "Polzin, Gustav"]
[Result "0-1"]
[WhiteElo "1778"]
[BlackElo "1965"]
[PlyCount "56"]
[EventDate "2025.??.??"]
[WhiteTeam "Estonia"]
[BlackTeam "LSJ Sachsen-Anhalt"]
[WhiteTeamCountry "EST"]

1. d4 Nf6 2. Bf4 d5 3. e3 e6 4. Nf3 Bd6 5. Ne5 O-O 6. Nd2 c5 7. c3 Nc6 8. Bd3
Qc7 9. Ndf3 b6 10. O-O Bb7 11. Rc1 Rac8 12. Bb1 Ne4 13. Qc2 f6 14. Nxc6 Qxc6
15. Bxd6 Qxd6 16. Nd2 cxd4 17. exd4 Qf4 18. Nxe4 dxe4 19. Qe2 f5 20. Rfe1 Rf6
21. Qf1 Rg6 22. Re3 Rf8 23. Rg3 Rff6 24. Re1 h5 25. Rxg6 Rxg6 26. Re3 h4 27. h3
Qg5 28. a4 Ba6 0-1

[Event "12th ChessMates International, York"]
[Site "York Guildhall"]
[Date "2025.03.22"]
[Round "4.18"]
[White "Roessling, Laura Marie"]
[Black "Voropaiev, Illia"]
[Result "0-1"]
[WhiteElo "1614"]
[BlackElo "1730"]
[PlyCount "80"]
[EventDate "2025.??.??"]
[WhiteTeam "LSJ Sachsen-Anhalt"]
[BlackTeam "Estonia"]
[BlackTeamCountry "EST"]

1. e4 c5 2. Nf3 Nc6 3. d4 cxd4 4. Nxd4 g6 5. Nc3 Bg7 6. Be3 Nf6 7. Be2 O-O 8.
O-O d6 9. Nb3 Be6 10. Re1 Rc8 11. Rb1 a6 12. a3 Bxb3 13. cxb3 b5 14. f3 Nd7 15.
Nd5 e6 16. Nc3 Qe7 17. a4 b4 18. Bxa6 bxc3 19. Bxc8 Rxc8 20. bxc3 Bxc3 21. Bd2
Bd4+ 22. Be3 e5 23. b4 Bxe3+ 24. Rxe3 Nd4 25. Rd3 Rc4 26. h3 Qd8 27. a5 Qb8 28.
Qe1 Qb5 29. Rdd1 Rc2 30. Kh1 Nf6 31. Rd2 Rc4 32. Qf1 Qc6 33. Rdb2 Nh5 34. Kh2
Nb5 35. Ra1 Na7 36. a6 Rd4 37. b5 Qb6 38. Rc2 Nf4 39. Qb1 Ne6 40. Qb4 Rxb4 0-1

[Event "12th ChessMates International, York"]
[Site "York Guildhall"]
[Date "2025.03.22"]
[Round "4.19"]
[White "Jevglevski, Lev"]
[Black "Belin, Anton"]
[Result "0-1"]
[WhiteElo "1551"]
[BlackElo "2035"]
[PlyCount "84"]
[EventDate "2025.??.??"]
[WhiteTeam "Estonia"]
[BlackTeam "LSJ Sachsen-Anhalt"]
[WhiteTeamCountry "EST"]

1. e4 e6 2. d4 d5 3. exd5 exd5 4. Nf3 Nf6 5. Bd3 Bd6 6. O-O O-O 7. Bg5 Nbd7 8.
Nbd2 Re8 9. c3 Nf8 10. Qc2 h6 11. Bh4 Ne6 12. Rae1 Bd7 13. Ne5 c5 14. Nxd7 Qxd7
15. Bxf6 gxf6 16. dxc5 Bxc5 17. Bf5 Kh8 18. Nf3 Qd6 19. Bxe6 fxe6 20. Qg6 Qf8
21. Qg4 Qg7 22. Qh3 f5 23. Qh5 Re7 24. Ne5 Rg8 25. g3 Bd6 26. f4 Kh7 27. Re2 b6
28. Rfe1 Bxe5 29. Rxe5 Rge8 30. Kg2 Qg6 31. Qh4 Rc7 32. Kf2 Rc4 33. Qh3 Re4 34.
Qf1 Re7 35. Kg2 Qe8 36. b3 Qc6 37. Qd3 Rxe5 38. Rxe5 d4+ 39. Kg1 dxc3 40. Qc2
Rd7 41. Re3 Rd2 42. Qxc3 Qg2# 0-1

[Event "12th ChessMates International, York"]
[Site "York Guildhall"]
[Date "2025.03.22"]
[Round "4.20"]
[White "Noennig, Lotte"]
[Black "Voropaiev, Vladyslav"]
[Result "1-0"]
[WhiteElo "1633"]
[BlackElo "1478"]
[PlyCount "47"]
[EventDate "2025.??.??"]
[WhiteTeam "LSJ Sachsen-Anhalt"]
[BlackTeam "Estonia"]
[BlackTeamCountry "EST"]

1. e4 e6 2. d4 d5 3. Nd2 c5 4. c3 Nc6 5. Ngf3 Qb6 6. exd5 exd5 7. Nb3 c4 8.
Nbd2 Be7 9. Be2 h6 10. O-O Nf6 11. Re1 Be6 12. b3 cxb3 13. Nxb3 Ne4 14. Qc2 Rc8
15. Bd3 Nb4 16. Qe2 Nxc3 17. Qd2 Nbxa2 18. Rxa2 Nxa2 19. Qxa2 Rc3 20. Bc2 Bb4
21. Bd2 Rc4 22. Bxb4 Qxb4 23. Nc5 Qb5 24. Bd3 1-0

[Event "12th ChessMates International, York"]
[Site "York Guildhall"]
[Date "2025.03.22"]
[Round "4.21"]
[White "Sheahan, Ben"]
[Black "Marchix, Esteban"]
[Result "1/2-1/2"]
[WhiteElo "2044"]
[BlackElo "2170"]
[PlyCount "131"]
[EventDate "2025.??.??"]
[WhiteTeam "Ireland"]
[BlackTeam "Monaco"]
[WhiteTeamCountry "IRL"]
[BlackTeamCountry "MNC"]

1. d4 d5 2. c4 e6 3. Nc3 Be7 4. cxd5 exd5 5. Bf4 Nf6 6. Qc2 c6 7. e3 Nbd7 8.
Bd3 O-O 9. Nf3 Re8 10. O-O Nf8 11. h3 Ng6 12. Bg3 Bd6 13. Bxd6 Qxd6 14. Rab1
Qe7 15. b4 a6 16. Na4 Ne4 17. Nb6 Rb8 18. Nxc8 Rbxc8 19. Bxe4 dxe4 20. Nd2 Nh4
21. Qc5 Qf6 22. Qh5 Re6 23. Rfc1 Qe7 24. g3 Ng6 25. a4 Rd8 26. Rc5 Nf8 27. Kg2
Nd7 28. Rc2 Rh6 29. Qf5 Nf6 30. Rc5 Nd7 31. Rc2 Re8 32. b5 axb5 33. axb5 Rf6
34. Qg4 Rg6 35. Qe2 c5 36. Nb3 cxd4 37. Nxd4 Ne5 38. b6 Qg5 39. Rc5 h5 40. Qb5
Re7 41. h4 Qf6 42. Ra1 Rh6 43. Ra5 Nd3 44. Rf5 Qxb6 45. Qxb6 Rxb6 46. Rxh5 g6
47. Rhb5 Rxb5 48. Rxb5 Rc7 49. h5 gxh5 50. Rxh5 Rc5 51. Rh4 Re5 52. Rh6 b5 53.
Rb6 b4 54. Nc6 Re6 55. Rb8+ Kg7 56. Nxb4 Ne1+ 57. Kf1 Nf3 58. Nd5 Rh6 59. g4
Rh1+ 60. Kg2 Rg1+ 61. Kh3 Ng5+ 62. Kh4 Nf3+ 63. Kh3 Ng5+ 64. Kh4 Nf3+ 65. Kh3
Ng5+ 66. Kh4 1/2-1/2

[Event "12th ChessMates International, York"]
[Site "York Guildhall"]
[Date "2025.03.22"]
[Round "4.22"]
[White "Kien, Clovis"]
[Black "O`reilly, Conor"]
[Result "1-0"]
[WhiteElo "1861"]
[BlackElo "1924"]
[PlyCount "49"]
[EventDate "2025.??.??"]
[WhiteTeam "Monaco"]
[BlackTeam "Ireland"]
[WhiteTeamCountry "MNC"]
[BlackTeamCountry "IRL"]

1. d4 d5 2. c4 dxc4 3. Nf3 c6 4. Nc3 Nf6 5. e3 Bf5 6. Bxc4 e6 7. O-O Nbd7 8.
Qe2 b5 9. e4 Bg4 10. Bb3 a6 11. d5 Nc5 12. dxc6 b4 13. Na4 Nfxe4 14. Bf4 Qd3
15. Qxd3 Nxd3 16. Nb6 Rd8 17. c7 Nxf4 18. Ba4+ Ke7 19. Ne5 Kf6 20. Nxg4+ Kg5
21. cxd8=Q+ Kxg4 22. Nc4 Bc5 23. h3+ Nxh3+ 24. gxh3+ Kxh3 25. Qd3+ 1-0

[Event "12th ChessMates International, York"]
[Site "York Guildhall"]
[Date "2025.03.22"]
[Round "4.23"]
[White "Woods, Christopher"]
[Black "Brion Lacherest, Nathan"]
[Result "1/2-1/2"]
[WhiteElo "1972"]
[BlackElo "2037"]
[PlyCount "35"]
[EventDate "2025.??.??"]
[WhiteTeam "Ireland"]
[BlackTeam "Monaco"]
[WhiteTeamCountry "IRL"]
[BlackTeamCountry "MNC"]

1. e4 e5 2. Nc3 Nf6 3. Bc4 Nxe4 4. Qh5 Nd6 5. Qxe5+ Qe7 6. Qxe7+ Bxe7 7. Be2
Nc6 8. Nf3 b6 9. Nd5 Bd8 10. d4 Ne7 11. Nxe7 Bxe7 12. Bf4 Bb7 13. O-O-O O-O-O
14. Rhe1 Ne4 15. Ba6 Bxa6 16. Rxe4 Bf6 17. Be5 Rde8 18. Ree1 1/2-1/2

[Event "12th ChessMates International, York"]
[Site "York Guildhall"]
[Date "2025.03.22"]
[Round "4.24"]
[White "Berezovsky, Fiorina"]
[Black "Arun, Nitish"]
[Result "0-1"]
[WhiteElo "1816"]
[BlackElo "1967"]
[PlyCount "76"]
[EventDate "2025.??.??"]
[WhiteTeam "Monaco"]
[BlackTeam "Ireland"]
[WhiteTeamCountry "MNC"]
[BlackTeamCountry "IRL"]

1. d4 Nf6 2. c4 e6 3. Nc3 Bb4 4. Nf3 Bxc3+ 5. bxc3 c5 6. Qc2 Qa5 7. Bd2 Nc6 8.
e4 d6 9. Bd3 e5 10. O-O O-O 11. Ne1 Qc7 12. d5 Ne7 13. f4 exf4 14. Bxf4 Ng6 15.
h3 Re8 16. Bg5 Nd7 17. Nf3 Nde5 18. Rae1 f6 19. Nxe5 Rxe5 20. Bc1 Bd7 21. Qf2
Rae8 22. g4 Qc8 23. Qg3 a6 24. Re2 Kh8 25. Rg2 R5e7 26. Qxd6 Ne5 27. Bb1 Nxc4
28. Qg3 Ne5 29. Bf4 b5 30. a3 a5 31. Ba2 c4 32. Bb1 h6 33. Kh2 Qc5 34. Bc1 Nd3
35. Bxd3 cxd3 36. Qxd3 Rxe4 37. Rgf2 R4e5 38. Rd1 Qxf2+ 0-1

[Event "12th ChessMates International, York"]
[Site "York Guildhall"]
[Date "2025.03.22"]
[Round "4.25"]
[White "Barnes, Oliver"]
[Black "Spinosi, Aurelien"]
[Result "1/2-1/2"]
[WhiteElo "2027"]
[BlackElo "1976"]
[PlyCount "108"]
[EventDate "2025.??.??"]
[WhiteTeam "Ireland"]
[BlackTeam "Monaco"]
[WhiteTeamCountry "IRL"]
[BlackTeamCountry "MNC"]

1. d4 d5 2. Nf3 e6 3. e3 Nf6 4. Bd3 Be7 5. O-O O-O 6. b3 Nbd7 7. Bb2 b6 8. Nbd2
Bb7 9. Ne5 Ne4 10. f4 f5 11. a4 Bb4 12. Ndf3 Rf6 13. Qe2 c5 14. Nxd7 Qxd7 15.
Ne5 Qc7 16. Bxe4 dxe4 17. c3 Ba5 18. Rfc1 Qe7 19. Ba3 a6 20. Nc4 Bd5 21. Nxa5
bxa5 22. Bxc5 Qd7 23. Rab1 Rf7 24. c4 Bc6 25. Bb6 Rb8 26. c5 Qc8 27. Qd2 h6 28.
g3 g5 29. Bxa5 gxf4 30. gxf4 Rg7+ 31. Kh1 Qe8 32. Qe2 Kh7 33. Rg1 Rbb7 34. Bc3
Bd5 35. Rxg7+ Rxg7 36. Be1 e5 37. dxe5 Bf7 38. Bg3 Bh5 39. Qe1 Bf3+ 40. Kg1 Qh5
41. Qf1 Rxg3+ 42. hxg3 Qh1+ 43. Kf2 Qh2+ 44. Ke1 Qc2 45. Ra1 Qb2 46. Rd1 Qc3+
47. Kf2 Qc2+ 48. Kg1 Bxd1 49. c6 Bf3 50. Qf2 Qc1+ 51. Qf1 Qxe3+ 52. Kh2 Qd2+
53. Kg1 Qe3+ 54. Kh2 Qd2+ 1/2-1/2

[Event "12th ChessMates International, York"]
[Site "York Guildhall"]
[Date "2025.03.22"]
[Round "4.26"]
[White "Marchix, Timeo"]
[Black "Duan, Yinan"]
[Result "0-1"]
[WhiteElo "1603"]
[BlackElo "1801"]
[PlyCount "68"]
[EventDate "2025.??.??"]
[WhiteTeam "Monaco"]
[BlackTeam "Ireland"]
[WhiteTeamCountry "MNC"]
[BlackTeamCountry "IRL"]

1. e4 c5 2. c3 Nf6 3. e5 Nd5 4. d4 cxd4 5. Nf3 Nc6 6. cxd4 e6 7. Bc4 Nb6 8. Bb5
Be7 9. O-O a6 10. Be2 O-O 11. Nc3 d6 12. Bf4 dxe5 13. dxe5 Nd5 14. Nxd5 exd5
15. a3 Be6 16. Qc2 Rc8 17. Qd3 f6 18. Rad1 fxe5 19. Bxe5 Nxe5 20. Nxe5 Qb6 21.
b4 Bd6 22. Nf3 h6 23. Nh4 Qc7 24. h3 Qf7 25. Qd4 Be7 26. Nf3 Bf6 27. Qe3 Rfe8
28. Qd2 Bc3 29. Qa2 d4 30. Qb1 Ba2 31. Qc2 Bb3 32. Qb1 Rxe2 33. Nxd4 Bxd1 34.
Qxd1 Rd2 0-1

[Event "12th ChessMates International, York"]
[Site "York Guildhall"]
[Date "2025.03.22"]
[Round "4.27"]
[White "Bartczak, Korneliusz"]
[Black "Alfano, Emilie"]
[Result "0-1"]
[WhiteElo "1938"]
[BlackElo "2141"]
[PlyCount "84"]
[EventDate "2025.??.??"]
[WhiteTeam "Ireland"]
[BlackTeam "Monaco"]
[WhiteTeamCountry "IRL"]
[BlackTeamCountry "MNC"]

1. e4 c5 2. Nf3 e6 3. d4 cxd4 4. Nxd4 Nc6 5. Nb5 d6 6. c4 Nf6 7. N1c3 a6 8. Na3
d5 9. cxd5 exd5 10. exd5 Nb4 11. Bg5 Nbxd5 12. Bxf6 Nxf6 13. Qxd8+ Kxd8 14. Be2
Be6 15. Bf3 Kc7 16. Rc1 Kb6 17. O-O Ka7 18. Rfd1 Rc8 19. Ne4 Bxa3 20. bxa3 Nxe4
21. Bxe4 Bxa2 22. h3 Be6 23. Rb1 Rc7 24. Rd2 b5 25. Bf3 Rhc8 26. Kh2 Rc2 27.
Rxc2 Rxc2 28. a4 Kb6 29. axb5 axb5 30. Kg3 Ka5 31. Ra1+ Ra2 32. Rd1 b4 33. Bd5
b3 34. Bxe6 fxe6 35. Rd8 b2 36. f3 Ra1 37. Ra8+ Kb4 38. Rb8+ Kc3 39. Rc8+ Kd4
40. Rd8+ Ke5 41. f4+ Kf6 42. Rf8+ Ke7 0-1

[Event "12th ChessMates International, York"]
[Site "York Guildhall"]
[Date "2025.03.22"]
[Round "4.28"]
[White "De Martino, Daniele"]
[Black "Cole, Ethan"]
[Result "0-1"]
[WhiteElo "1876"]
[BlackElo "1900"]
[PlyCount "62"]
[EventDate "2025.??.??"]
[WhiteTeam "Monaco"]
[BlackTeam "Ireland"]
[WhiteTeamCountry "MNC"]
[BlackTeamCountry "IRL"]

1. d4 Nf6 2. Nc3 g6 3. e4 d6 4. f3 Bg7 5. Be3 Nbd7 6. Qd2 O-O 7. O-O-O c6 8. h4
h5 9. Nh3 b5 10. Nf2 Nb6 11. Be2 Nc4 12. Bxc4 bxc4 13. Rdg1 Qb6 14. Ne2 Rb8 15.
c3 Qa5 16. Kb1 Rb6 17. g4 d5 18. e5 Nh7 19. gxh5 Bf5+ 20. Kc1 Qxa2 21. Kd1 Rxb2
22. Qc1 Rb1 23. hxg6 Rxc1+ 24. Nxc1 Qc2+ 25. Ke1 fxg6 26. h5 Qxc3+ 27. Bd2 Qxf3
28. Rh2 c3 29. Bg5 Nxg5 30. Ne2 Bd3 31. Nxd3 Qxd3 0-1

[Event "12th ChessMates International, York"]
[Site "York Guildhall"]
[Date "2025.03.22"]
[Round "4.29"]
[White "White, Nicole"]
[Black "Kriuchkov, Nikita"]
[Result "1/2-1/2"]
[WhiteElo "1727"]
[BlackElo "1666"]
[PlyCount "73"]
[EventDate "2025.??.??"]
[WhiteTeam "Ireland"]
[BlackTeam "Monaco"]
[WhiteTeamCountry "IRL"]
[BlackTeamCountry "MNC"]

1. c4 e5 2. g3 Nf6 3. Bg2 Bc5 4. e3 Qe7 5. Ne2 d6 6. Nbc3 c6 7. d4 exd4 8. exd4
Bb4 9. O-O O-O 10. Re1 Re8 11. Bd2 Bf5 12. Qb3 Na6 13. a3 Bxc3 14. Nxc3 Qd7 15.
Bg5 Re7 16. Bxf6 gxf6 17. Rxe7 Qxe7 18. Qd1 Re8 19. Qd2 Nc7 20. d5 c5 21. Bf1
Qe5 22. f4 Qe3+ 23. Qxe3 Rxe3 24. Kf2 Re8 25. Re1 Rxe1 26. Kxe1 Kg7 27. h3 h5
28. Kf2 Kg6 29. Kf3 Bc2 30. g4 hxg4+ 31. hxg4 f5 32. g5 f6 33. gxf6 Kxf6 34.
Ke3 a6 35. b4 b6 36. Kd2 Bb3 37. Ke1 1/2-1/2

[Event "12th ChessMates International, York"]
[Site "York Guildhall"]
[Date "2025.03.22"]
[Round "4.30"]
[White "Pervent, Louis"]
[Black "Andhurthi, Sreeyan"]
[Result "1/2-1/2"]
[WhiteElo "1576"]
[BlackElo "1631"]
[PlyCount "66"]
[EventDate "2025.??.??"]
[WhiteTeam "Monaco"]
[BlackTeam "Ireland"]
[WhiteTeamCountry "MNC"]
[BlackTeamCountry "IRL"]

1. e4 c5 2. c3 Nf6 3. f3 d5 4. exd5 Nxd5 5. d4 cxd4 6. cxd4 Nc6 7. Bc4 Bf5 8.
Qb3 Nxd4 9. Bb5+ Nxb5 10. Qxb5+ Qd7 11. Qxd7+ Kxd7 12. Ne2 e6 13. O-O Bc5+ 14.
Kh1 Rhd8 15. Nbc3 Nxc3 16. Nxc3 Ke7 17. Bf4 Rd7 18. h3 Rc8 19. Rac1 Rc6 20. a3
a6 21. Be5 f6 22. Bg3 Rd2 23. Na4 Bd6 24. Bxd6+ Rdxd6 25. Rxc6 Rxc6 26. Rf2 e5
27. Nc3 Be6 28. Re2 Kf7 29. Rd2 Ke7 30. Kg1 Rd6 31. Rc2 Bb3 32. Rf2 Ke6 33. g4
Ke7 1/2-1/2

[Event "12th ChessMates International, York"]
[Site "York Guildhall"]
[Date "2025.03.22"]
[Round "4.31"]
[White "Thorisson, Benedikt"]
[Black "Rich, Aaron"]
[Result "1-0"]
[WhiteElo "2065"]
[BlackElo "1918"]
[PlyCount "129"]
[EventDate "2025.??.??"]
[WhiteTeam "Iceland"]
[BlackTeam "Yorkshire"]
[WhiteTeamCountry "ISL"]

1. e4 c5 2. Nf3 Nc6 3. d4 cxd4 4. Nxd4 g6 5. Nxc6 bxc6 6. Qd4 Nf6 7. e5 Nd5 8.
e6 f6 9. exd7+ Qxd7 10. Be2 Bg7 11. O-O O-O 12. Rd1 Nb6 13. Qxd7 Bxd7 14. Be3
Bf5 15. Na3 Rfd8 16. Bf3 Rxd1+ 17. Rxd1 Rc8 18. b3 e5 19. g4 Bf8 20. gxf5 Bxa3
21. fxg6 hxg6 22. c4 Rc7 23. c5 Nd7 24. Rd6 Kg7 25. Rxc6 Rxc6 26. Bxc6 Nxc5 27.
Kf1 f5 28. Ke2 f4 29. Bd2 Kf6 30. Bc3 Ne6 31. Kd3 Bc5 32. f3 Bg1 33. h3 Nd4 34.
Bd5 Nf5 35. Bb7 Nd6 36. Bc6 Bc5 37. b4 Be3 38. b5 Bc5 39. a4 Ke6 40. a5 Kf5 41.
b6 Bxb6 42. axb6 axb6 43. Bb4 Nf7 44. Be8 Ng5 45. Be7 e4+ 46. fxe4+ Nxe4 47.
Bxg6+ Ke6 48. Bh4 Ng3 49. Bd8 b5 50. Bc7 Kf6 51. Bxf4 Nh1 52. Ke2 Kxg6 53. Kf3
Kf5 54. Bd2 Ke5 55. Kg2 Kd4 56. Kxh1 Kd3 57. Ba5 Kc4 58. Kg2 b4 59. Bxb4 Kd5
60. Kg3 Ke6 61. Kg4 Kf7 62. Kg5 Kg8 63. Kg6 Kh8 64. Bc3+ Kg8 65. h4 1-0